Word Ladder: Hot Fuss Quiz Stats

 Plays Quiz Updated Jun 1, 2019

Score 0/30 Timer 04:00
0 Plays Today
Hint 4 Letter Word % Correct
🎡 Jenny Was a Friend Of ____ 🎡MINE
98.7%
🎡 Smile ____ You Mean It 🎡LIKE
98.3%
007's surnameBOND
97.7%
Above average in heightTALL
97.5%
🎡 Glamorous Indie ____ And Roll 🎡ROCK
97.3%
🎡 All These Things That I’ve ____ 🎡DONE
97.3%
Femur, radius, or clavicle, e.g.BONE
97.2%
Speak; chatTALK
97%
Tyson or Ditka, e.g.MIKE
96.9%
Cost of riding a highwayTOLL
96.8%
Underground part of a plantROOT
96.4%
QueueLINE
96.2%
Part of a clock's noiseTOCK
96.2%
Eat a mealDINE
96%
Chimney residueSOOT
95.7%
Hint 4 Letter Word % Correct
Castle in chessROOK
95.6%
🎡 Somebody ____ Me 🎡TOLD
95.1%
Nose residueSNOT
95%
Prong of a forkTINE
94.6%
Small, broadheaded nailTACK
94.5%
Ctrl+B in a word processorBOLD
94%
Tried for a goal in soccerSHOT
93.5%
Motion of the oceansTIDE
93.5%
ClichΓ© name for a Dalmatian?SPOT
92.9%
Minor argumentSPAT
90.9%
Boxer's trainingSPAR
88.7%
Game of Thrones hero: Jon ____SNOW
87.8%
🎡 Mr. Bright____ 🎡SIDE
86.5%
🎡 Midnight ____ 🎡SHOW
85.5%
🎡 Andy You’re A ____ 🎡STAR
85%

Today's Daily Dose

Missing Word
Celine Dion

Word Ladder
Dr. Seuss Books

Quick Pick
Cities in India

Get the Picture
'A' Actresses

You're not logged in!

Compare scores with friends on all Sporcle quizzes.
OR
Log In

Sporcle TV

Today on Sporcle TV


Watch our educational content, quiz creation guides, and fun videos on Sporcle TV.

Show Comments

Extras

Top Quizzes Today


Score Distribution

Your Account Isn't Verified!

In order to create a playlist on Sporcle, you need to verify the email address you used during registration. Go to your Sporcle Settings to finish the process.

Report this User

Report this user for behavior that violates our Community Guidelines.

Details: